000 00421nam a2200169Ia 4500
008 230524s9999 xx 000 0 und d
082 _a5.133
_bSIV
100 _aS.N.Sivanandam
245 0 _aIntroduction to Artificial Neural Networks
250 _a1ST
260 _aNEW DELHI
_bVikas
_c2003
300 _aXII;223
500 _aQuantity Number: 1
650 _aComp-Sc
700 _a M.Paulraj
_910658
942 _cBK
999 _c14587
_d14587